000 00916nam a22001815i 4500
001 161887
003 ES-MaACL
005 20230906212357.0
008 041027s1896 sp |||| | spa d
100 1 _aPérez Liquiñano, Ramiro.
_9131468
245 1 4 _aLas colonias escolares :
_bmemoria redactada de acuerdo con lo dispuesto en orden circular de la Dirección General de Instrucción Pública de 15 de febrero de 1894, leída en la sesión de apertura del curso de 1896-97 /
_cpor don Ramiro Pérez Liquiñano.
260 _aMadrid :
_b[s.n.],
_c1896 (
_fImp. de Pedro Núñez)
300 _a32 p. ;
_c24 cm.
594 _aPrecede al tít.: Sociedad Matritense El Fomento de las Artes.
650 4 _aColonias escolares-
_zEspaña.
_9148577
710 2 _aSociedad Matritense El Fomento de las Artes.
_9139234
852 _aES-MaACL
_jT-866-F-13
_z- Enc. hol., conservando cub. original
_z- Enc. en un vol. facticio
999 _c161887
_d161887